Statistics for Top 10 Most Mormon U.S States

Click here to take the quiz!

General Stats

  • This quiz has been taken 284 times
  • The average score is 8 of 10

Answer Stats

%Answer% Correct
55Utah
99%
20Idaho
92%
5Arizona
90%
9Wyoming
87%
4Montana
86%
4Nevada
86%
4Oregon
86%
3Washington
86%
3Hawaii
66%
5Alaska
65%

Score Distribution

Percentile by Number Answered

Percent of People with Each Score

Your Score History

You have not taken this quiz